| 000 | 01126nam a2200313 a 4500 | ||
|---|---|---|---|
| 001 | ebr10273695 | ||
| 003 | CaPaEBR | ||
| 006 | m u | ||
| 007 | cr cn||||||||| | ||
| 008 | 090317s1997 at sb 001 0 eng d | ||
| 020 | _z1875559655 | ||
| 020 | _z9781875559657 | ||
| 020 | _z9781742190907 | ||
| 040 |
_aCaPaEBR _cCaPaEBR |
||
| 035 | _a(OCoLC)314851877 | ||
| 050 | 1 | 4 |
_aHQ117 _b.J44 1997eb |
| 100 | 1 | _aJeffreys, Sheila. | |
| 245 | 1 | 4 |
_aThe idea of prostitution _h[electronic resource] / _cSheila Jeffreys. |
| 260 |
_aNorth Melbourne : _bSpinifex, _c1997. |
||
| 300 | _aviii, 398 p. | ||
| 504 | _aIncludes bibliographical references and index. | ||
| 533 |
_aElectronic reproduction. _bPalo Alto, Calif. : _cebrary, _d2009. _nAvailable via World Wide Web. _nAccess may be limited to ebrary affiliated libraries. |
||
| 650 | 0 | _aProstitution. | |
| 650 | 0 | _aSexual ethics. | |
| 650 | 0 | _aFeminist theory. | |
| 655 | 7 |
_aElectronic books. _2local |
|
| 710 | 2 | _aebrary, Inc. | |
| 856 | 4 | 0 |
_uhttp://site.ebrary.com/lib/rucke/Doc?id=10273695 _zAn electronic book accessible through the World Wide Web; click to view |
| 999 |
_c21805 _d21805 |
||